Nietzsche: introduction à une première lecture
Enregistré dans:
| Auteur principal: | |
|---|---|
| Format: | Livre |
| Langue: | français |
| Publié: |
París
Aubier-Montaigne
1970
|
| Collection: | Philosophie de l'esprit
|
| Sujets: | |
| Tags: |
Ajouter un tag
Pas de tags, Soyez le premier à ajouter un tag!
|
MARC
| LEADER | 00000nam a2200000 a 4500 | ||
|---|---|---|---|
| 001 | UCZ3826 | ||
| 003 | CL-VaPUC | ||
| 008 | 951027e19700000FR |||||||||||||||||fre|d | ||
| 082 | 0 | 4 | |a 147 |b MOR |2 21 |
| 100 | |a Morel, Georges |e autor |9 500198 | ||
| 245 | 1 | 0 | |a Nietzsche: introduction à une première lecture |
| 300 | |a v | ||
| 942 | |c BK | ||
| 945 | |d 19951027 00:00:00 |a cmena | ||
| 260 | |a París |b Aubier-Montaigne |c 1970 | ||
| 500 | |a v.1: Genèse d'une oeuvre | ||
| 500 | |a v.2: Analyse de la maladie | ||
| 500 | |a v.3: Création et métamorphoses | ||
| 650 | 0 | |a Vitalismo |9 311571 | |
| 650 | 0 | |a Ateísmo |9 265671 | |
| 650 | 0 | |a Empirismo |9 255037 | |
| 650 | 0 | |a Positivismo |9 269460 | |
| 650 | 0 | |a Razón |9 314475 | |
| 650 | 0 | |a Filosofía alemana |9 265002 | |
| 583 | |a last modification |c 19951027 00:00:00 |k Rodrigo Vera | ||
| 490 | 0 | |a Philosophie de l'esprit | |
| 999 | |c 240273 |d 240271 | ||
| 952 | |0 0 |1 0 |4 0 |6 147_000000000000000_MOR_1970 |7 0 |8 P |9 252070 |a BIBEDU |b BIBEDU |c BIBEDU_PB |d 2019-11-18 |h v.1 |i 1592009 |o 147 MOR 1970 |p 1592009 |r 2024-01-25 |w 2019-11-18 |y BK |k FIL | ||
| 952 | |0 0 |1 0 |4 0 |6 147_000000000000000_MOR_1970 |7 0 |8 P |9 252071 |a BIBEDU |b BIBEDU |c BIBEDU_PB |d 2019-11-18 |h v.2 |i 1592017 |o 147 MOR 1970 |p 1592017 |r 2024-01-25 |w 2019-11-18 |y BK |k FIL | ||
| 952 | |0 0 |1 0 |4 0 |6 147_000000000000000_MOR_1970 |7 0 |8 P |9 252072 |a BIBEDU |b BIBEDU |c BIBEDU_PB |d 2019-11-18 |h v.3 |i 1592025 |o 147 MOR 1970 |p 1592025 |r 2024-01-25 |w 2019-11-18 |y BK |k FIL | ||